Making sense of qualitative data complementary research strategies (Registro nro. 70038)

Detalles MARC
000 -ENCABEZADO
Número de control [NR] 01305nam a2200265Ia 4500
008 - DE LONGITUD FIJA DE DATOS DE ELEMENTOS - INFORMACIÓN GENERAL
Elementos de longitud fija [NR] 130821s1996 xxua gr eng
020 ## - NUMERO INTERNACIONAL NORMALIZADO PARA LIBROS [R]
Número Internacional Normalizado del libro [NR] 9780803970526
020 ## - NUMERO INTERNACIONAL NORMALIZADO PARA LIBROS [R]
Número Internacional Normalizado del libro [NR] 9780803970533
040 ## - FUENTE DE CATALOGACION [NR]
Agencia de catalogación original [NR] Co-BoUCM
Idioma de catalogación [NR] spa
041 00 - CODIGO DE IDIOMA [R]
Código de idioma para texto/pista de sonido o título separado [R] Inglés
100 1# - ASIENTO PRINCIPAL--NOMBRE PERSONAL [NR]
Nombre personal [NR] Coffey, Amanda
Fechas asociadas con el nombre [NR] 1967-
ID Autoridad 127233
245 10 - MENCION DE TITULO [NR]
Título [NR] Making sense of qualitative data complementary research strategies
Mención de responsabilidad, etc. [NR] Amanda Coffey, Paul Atkinson
260 ## - PUBLICACION, DISTRIBUCION, ETC. (PIE DE IMPRENTA) [R]
Lugar de publicación, distribución, etc. [R] Thousand Oaks (California, Estados Unidos)
Nombre del editor, distribuidor, etc. [R] Sage Publications
Fecha de publicación, distribución, etc. [R] 1996
300 ## - DESCRIPCION FISICA [R]
Extensión [R] x, 206 páginas
Otros detalles físicos [NR] ilustraciones
504 ## - NOTA DE BIBLIOGRAFIA, ETC. [R]
Nota de bibliografía, etc. [NR]
505 0# - NOTA DE CONTENIDO CON FORMATO PREESTABLECIDO [R]
State manifest and birth record (1764-1977). Varieties of data and varieties of analysis --
-- Concepts and coding --
-- Narratives and stories --
-- Meanings and metaphors --
-- Writing and representation --
-- Beyond the data --
-- Complementary strategies of computer-
-- aided analysis --
-- Coda.
650 04 - ASIENTO SECUNDARIO DE MATERIA - TERMINO TEMATICO [R]
Término temático o nombre geográfico como elemento de entrada [NR] Ciencias sociales
Subdivisión general [R] Investigaciones
9 (RLIN) 33592
650 04 - ASIENTO SECUNDARIO DE MATERIA - TERMINO TEMATICO [R]
Término temático o nombre geográfico como elemento de entrada [NR] Ciencias sociales
Subdivisión general [R] Procesamiento de datos
9 (RLIN) 35245
650 04 - ASIENTO SECUNDARIO DE MATERIA - TERMINO TEMATICO [R]
Término temático o nombre geográfico como elemento de entrada [NR] Investigación cualitativa
9 (RLIN) 17981
650 04 - ASIENTO SECUNDARIO DE MATERIA - TERMINO TEMATICO [R]
Término temático o nombre geográfico como elemento de entrada [NR] Sociología
9 (RLIN) 386
700 1# - ASIENTO SECUNDARIO - NOMBRE PERSONAL [R]
Nombre personal [NR] Atkinson, Paul
9 (RLIN) 161901
856 41 - LOCALIZACION Y ACCESO ELECTRONICOS [R]
Nota dirigida al público [R] Consulte la tabla de contenido haciendo clic aquí
Identificador Uniforme del Recurso (“URI”) [R] <a href="http://www.loc.gov/catdir/enhancements/fy0655/95041813-t.html">http://www.loc.gov/catdir/enhancements/fy0655/95041813-t.html</a>
942 ## - ELEMENTOS DE ENTRADA AGREGADOS (KOHA)
Tipo de ítem principal el descrito en 300a Libro
Tema principal Sociología
Edición 1
Parte restante de la signatura top. C674m
Sistema de clasificación DEWEY
Clasificación 300.723
Existencias
Fecha de último préstamo Total préstamos Signatura topográfica Código de barras Última vez visto Ejemplar Price effective from Tipo de ítem Nota pública (OPAC) Perdido Sistema de clasificación Dañado No prestable Tipo de ítem específico Suprimido Ubicación habitual Ubicación actual Localización Fecha de creación Forma de adquisición Costo
02/12/2016 1 300.723 C674m 100111059 03/12/2025 Ej.1 03/02/2013 Libro Spot de Investigación   DEWEY     Libro   Claustro Claustro 3er piso - Research commons 30/09/2011 Compra 123700.00